Faculty of Law Library — Cairo University

Official Online Catalog

ضمان حقوق الانسان فى مرحلة تنفيذ الأحكام الجنائية فى فرنسا : (Record no. 68452)

MARC details
000 -LEADER
fixed length control field 01895nam a2200325 i 4500
003 - CONTROL NUMBER IDENTIFIER
control field EG-GICUC
005 - DATE AND TIME OF LATEST TRANSACTION
control field 20260402161948.0
008 - FIXED-LENGTH DATA ELEMENTS--GENERAL INFORMATION
fixed length control field 260402s1993 ua ||||f |||| 00| 0 ara d
040 ## - CATALOGING SOURCE
Original cataloging agency EG-GICUC
Language of cataloging ara
Transcribing agency EG-GICUC
Modifying agency EG-GICUC
Description conventions rda
041 ## - LANGUAGE CODE
Language code of text/sound track or separate title ara
082 04 - DEWEY DECIMAL CLASSIFICATION NUMBER
Edition number 21
Classification number 343.7674044
Item number ه د . ض
092 04 - LOCALLY ASSIGNED DEWEY CALL NUMBER (OCLC)
Edition number 21
099 ## - LOCAL FREE-TEXT CALL NUMBER (OCLC)
Classification number Law1 10 343.7674044 ه د . ض 1993
100 0# - MAIN ENTRY--PERSONAL NAME
Personal name هدى حامد قشقوش
Relator term مؤلف.
245 10 - TITLE STATEMENT
Title ضمان حقوق الانسان فى مرحلة تنفيذ الأحكام الجنائية فى فرنسا :
Remainder of title تقرير باللغة الفرنسية عن : جرائم المعلوماتية /
Statement of responsibility, etc. تأليف دكتورة هدى حامد قشقوش.
264 #1 - PRODUCTION, PUBLICATION, DISTRIBUTION, MANUFACTURE, AND COPYRIGHT NOTICE
Place of production, publication, distribution, manufacture لا يوجد مكان نشر محدد :
Name of producer, publisher, distributor, manufacturer لا يوجد ناشر محدد،
Date of production, publication, distribution, manufacture, or copyright notice 1993.
300 ## - PHYSICAL DESCRIPTION
Extent مختلف الترقيم :
Dimensions 24 سم.
336 ## - CONTENT TYPE
Source rda content
Content type term text
337 ## - MEDIA TYPE
Source rda media
Media type term Computer
338 ## - CARRIER TYPE
Source rda carrier
Carrier type term Online Resource
504 ## - BIBLIOGRAPHY, ETC. NOTE
Bibliography, etc. note . 240-220 ببليوجرافيا: صفحات.
505 ## - FORMATTED CONTENTS NOTE
Formatted contents note 1-ترجمة بحث من اللغة الفرنسية للعربية عن : <br/>ضمان حقوق الانسان فى مرحلة تنفيذ الأحكام الجنائية فى فرنسا منشور ضمن أعمال مؤتمر الجمعية الدولية لقانون العقوبات 1988.<br/>2-تقرير باللغة الفرنسية عن : جرائم المعلوماتية مقدم لمؤتمر البرازيل ومنشور بالمجلة الدولية لقانون العقوبات 1993.
546 ## - LANGUAGE NOTE
Language note النص موازٍ باللغتين العربية والفرنسية
650 1# - SUBJECT ADDED ENTRY--TOPICAL TERM
Topical term or geographic name entry element القانون الجنائي
Geographic subdivision فرنسا
650 1# - SUBJECT ADDED ENTRY--TOPICAL TERM
Topical term or geographic name entry element Droit pénal
Geographic subdivision France
650 1# - SUBJECT ADDED ENTRY--TOPICAL TERM
Topical term or geographic name entry element حقوق النزلاء أثناء المعاملة العقابية
856 40 - ELECTRONIC LOCATION AND ACCESS
Uniform Resource Identifier <a href="https://fll.law.cu.edu.eg/fulltext/bks/B10-07995.pdf">https://fll.law.cu.edu.eg/fulltext/bks/B10-07995.pdf</a>
905 ## - Cataloger and Reviser Names
Cataloger Name: Gomana
942 ## - ADDED ENTRY ELEMENTS (KOHA)
Source of classification or shelving scheme Dewey Decimal Classification
Suppress in OPAC No
Koha item type Books
Edition 21
Holdings
Withdrawn status Lost status Source of classification or shelving scheme Damaged status Not for loan Collection Home library Current library Date acquired Total checkouts Full call number Barcode Date last seen Copy number Price effective from Koha item type
    Dewey Decimal Classification   Not for loan القانون الجنائي جــــامعة القــاهرة مكتبة كلية الحقوق - المبنى الرئيسي 02.04.2026   Law1 10 343.7674044 ه د . ض 1993 1007995 C1 B10-07995 02.04.2026 1 02.04.2026 Books

© All rights reserved — Faculty of Law, Cairo University